00349nam a2200133 a 4500008004100000020001500041050001300056100001600069245003700085246002300122260003900145300002200184350000900206120416s1991 ||||||||||||||||| || u a0821317768 aIBRD(08) aKelly, M. J10aEducation in a declining economy athe case of Zambia aWasington, D. C.bWorld Bankc1991 axvi, 207p. : ill. a0.00